Statistics for Largest Types of Birds

Click here to take the quiz!

General Stats

  • This quiz has been taken 24,532 times
  • The average score is 5 of 12

Answer Stats

DescriptionBird% Correct
Heaviest bird #1Ostrich
97%
Heaviest bird #3Emu
86%
Long wingspansAlbatross
59%
Long wingspansVulture
51%
Long wingspansCondor
50%
Heaviest bird #4Emperor Penguin
47%
Heaviest bird #2Cassowary
33%
Long wingspansPelican
33%
Long wingspansSwan
26%
Heaviest bird #5Rhea
22%
Long wingspansStork
21%
Long wingspansBustard
7%

Score Distribution

Percentile by Number Answered

Percent of People with Each Score

Your Score History

You have not taken this quiz